Forestry budgets and accounts (Record no. 102204)
[ view plain ]
| 000 -LEADER | |
|---|---|
| fixed length control field | 01001cam a2200265 4500 |
| 008 - FIXED-LENGTH DATA ELEMENTS--GENERAL INFORMATION | |
| fixed length control field | 020719n2001 000 0 eng u |
| 020 ## - INTERNATIONAL STANDARD BOOK NUMBER | |
| International Standard Book Number | 0851993281 |
| 035 ## - SYSTEM CONTROL NUMBER | |
| System control number | (Sirsi) u118939 |
| 041 ## - LANGUAGE CODE | |
| Language code of text/sound track or separate title | eng. |
| 050 ## - LIBRARY OF CONGRESS CALL NUMBER | |
| Classification number | 657.86 |
| 100 ## - MAIN ENTRY--PERSONAL NAME | |
| Personal name | Bright, G. |
| 245 ## - TITLE STATEMENT | |
| Title | Forestry budgets and accounts |
| 260 ## - PUBLICATION, DISTRIBUTION, ETC. | |
| Place of publication, distribution, etc. | Wallingford, Oxon |
| Name of publisher, distributor, etc. | CABI |
| Date of publication, distribution, etc. | 2001 |
| 300 ## - PHYSICAL DESCRIPTION | |
| Extent | viii,380p. |
| Other physical details | ill |
| Dimensions | 24cm. |
| 350 ## - PRICE (NR) (BK AM CF MU VM SE) [OBSOLETE] | |
| Price | 27.50 |
| 520 ## - SUMMARY, ETC. | |
| Summary, etc. | Sets out, in an approachable and structured way,how to proceed with the accounting side of forest management. Chapters cover: the management process, the budgeting steps for profit, cash and capital, recording, accounts construction and appraisal, evaluation of alternative investments, information technology and tax. |
| 650 ## - SUBJECT ADDED ENTRY--TOPICAL TERM | |
| Topical term or geographic name entry element | FORESTS |
| 650 ## - SUBJECT ADDED ENTRY--TOPICAL TERM | |
| Topical term or geographic name entry element | FORESTRY |
| 650 ## - SUBJECT ADDED ENTRY--TOPICAL TERM | |
| Topical term or geographic name entry element | MANAGEMENT-BUSINESS MANAGEMENT-FINANCIAL MANAGEMENT-ACCOUNTING |
| 650 ## - SUBJECT ADDED ENTRY--TOPICAL TERM | |
| Topical term or geographic name entry element | BUDGETING |
| 690 ## - LOCAL SUBJECT ADDED ENTRY--TOPICAL TERM (OCLC, RLIN) | |
| Topical term or geographic name as entry element | RURAL-AGRICULTURE AND FORESTRY |
| 700 ## - ADDED ENTRY--PERSONAL NAME | |
| Personal name | Ellwood, N. |
| 700 ## - ADDED ENTRY--PERSONAL NAME | |
| Personal name | Bilek, T. |
| 942 ## - ADDED ENTRY ELEMENTS (KOHA) | |
| Suppress in OPAC | 0 |
| Withdrawn status | Lost status | Source of classification or shelving scheme | Damaged status | Not for loan | Home library | Current library | Shelving location | Date acquired | Cost, normal purchase price | Total Checkouts | Full call number | Barcode | Date last seen | Copy number | Cost, replacement price | Price effective from | Koha item type |
|---|---|---|---|---|---|---|---|---|---|---|---|---|---|---|---|---|---|
| Dewey Decimal Classification | London | London | Books | 08/08/2002 | 24.75 | 657.86 BRI | 30066408 | 06/08/2019 | 1 | 24.75 | 06/08/2019 | Book |